| 000 | 01433cam a22003137a 4500 | ||
|---|---|---|---|
| 999 |
_c23347 _d23347 |
||
| 001 | 15048669 | ||
| 005 | 20170126094733.0 | ||
| 008 | 071018s2008 scua b 000 0 eng | ||
| 010 | _a 2007939758 | ||
| 020 | _a9780738552026 | ||
| 020 | _a073855202X | ||
| 050 | 0 | 0 | _aNA5235.A47M38 2008 |
| 100 | 1 | _aMavromatis, Kally. | |
| 245 | 1 | 0 |
_aAkron churches : _bearly architecture / _cKally Mavromatis. |
| 260 |
_aCharleston, SC : _bArcadia Pub., _cc2008. |
||
| 300 |
_a127 p. : _bill. ; _c24 cm. |
||
| 490 | 0 | _aImages of America | |
| 500 | _aIncludes bibliographical references (p. 127). | ||
| 650 | 0 |
_aChurch architecture _zOhio _zAkron _vPictorial works. |
|
| 651 | 0 |
_aAkron (Ohio) _xHistory _vPictorial works. |
|
| 856 | 4 | 1 |
_3Table of contents only _uhttp://www.loc.gov/catdir/toc/fy0805/2007939758.html |
| 856 | 4 | 2 |
_3Contributor biographical information _uhttp://www.loc.gov/catdir/enhancements/fy0809/2007939758-b.html |
| 856 | 4 | 2 |
_3Publisher description _uhttp://www.loc.gov/catdir/enhancements/fy0809/2007939758-d.html |
| 942 |
_2lcc _cBOOKS |
||